000 00645nas a2200229 4500
001 BR9103112
003 BR-BrBNA
005 20231205092045.0
007 ta
008 230509b bl.|||p| |||| 00| 00por d
040 _aBR-BrBNA
_bpor
_cBiblioteca Nacional de Agricultura
041 _a(Pt)
072 _aL53
100 1 _aAllenstein, L.C.
245 1 _aAnestro em novilhos [ciclo estral]
650 _aNOVILHO
650 _aREPRODUCAO ANIMAL
650 _aCICLO ESTRAL
773 0 _tGado Holandes (Brazil)
_xISSN 0101-7977
_g(Dec 1989), v. 55(169) p. 124
_wBR9103112
909 _a202311
_bLúcia
_c55
_dLúcia Elande
942 _2AGRIS
_n0
_cANA
999 _c129005
_d129005